| 000 | 00664nam a2200205 a 4500 | ||
|---|---|---|---|
| 999 |
_c5506 _d5506 |
||
| 001 | 5506 | ||
| 003 | BD-JhCC | ||
| 005 | 20180305124254.0 | ||
| 008 | 171217s1980 bg ||||| |||| 00| 0 ben d | ||
| 035 | _a(BD-JhCC)5506 | ||
| 040 |
_aBD-JhCC _dBD-JhCC |
||
| 041 | _aben | ||
| 082 |
_a591 _bAJM 1980 |
||
| 100 | _a আজমল, গাজী এস. এম. | ||
| 245 |
_aউচ্চ মাধ্যমিক জীববিজ্ঞান ( দ্বিতীয় পত্র: প্রাণিবিজ্ঞান) / _c গাজী এস. এম. আজমল |
||
| 300 |
_a392 p. : _c23 cm. |
||
| 650 | _aZoology | ||
| 942 |
_2ddc _cBK |
||